Accounts at a glance, Arunachal Pradesh (Record no. 481394)
[ view plain ]
| 000 -LEADER | |
|---|---|
| fixed length control field | 00472cam a22001217a 4500 |
| 008 - FIXED-LENGTH DATA ELEMENTS--GENERAL INFORMATION | |
| fixed length control field | 180718b-- xxu||||| |||| 00| 0 eng d |
| 082 ## - DEWEY DECIMAL CLASSIFICATION NUMBER | |
| Classification number | L906x54115 G |
| 245 ## - TITLE STATEMENT | |
| Title | Accounts at a glance, Arunachal Pradesh |
| 260 ## - PUBLICATION, DISTRIBUTION, ETC. | |
| Place of publication, distribution, etc. | Shillong |
| Name of publisher, distributor, etc. | Accountant General (Accounts and Entitlements) |
| Date of publication, distribution, etc. | -- |
| 500 ## - GENERAL NOTE | |
| General note | Library has 2003/04-2006/07, 2009/10 |
| 650 ## - SUBJECT ADDED ENTRY--TOPICAL TERM | |
| Topical term or geographic name entry element | Arunachal Pradesh - Appropriations and expenditures |
| 700 ## - ADDED ENTRY--PERSONAL NAME | |
| Personal name | Arunachal Pradesh. Accountant General (Accounts and Entitlements) |
| Withdrawn status | Lost status | Damaged status | Not for loan | Permanent Location | Current Location | Date acquired | Full call number | Barcode | Date last seen | Price effective from | Koha item type |
|---|---|---|---|---|---|---|---|---|---|---|---|
| Indian Institute of Public Administration | Indian Institute of Public Administration | 2018-08-04 | L906x54115 G | GG30015 | 2018-08-04 | 2018-08-04 | GG | ||||
| Indian Institute of Public Administration | Indian Institute of Public Administration | 2018-08-04 | L906x54115 G | GG29184 | 2018-08-04 | 2018-08-04 | GG | ||||
| Indian Institute of Public Administration | Indian Institute of Public Administration | 2018-08-04 | L906x54115 G | GG28862 | 2018-08-04 | 2018-08-04 | GG | ||||
| Indian Institute of Public Administration | Indian Institute of Public Administration | 2018-08-04 | L906x54115 G | GG28385 | 2018-08-04 | 2018-08-04 | GG | ||||
| Indian Institute of Public Administration | Indian Institute of Public Administration | 2018-08-04 | L906x54115 G | GG27437 | 2018-08-04 | 2018-08-04 | GG |
